000 00569nam a2200229Ia 4500
003 OSt
005 20220924151031.0
006 a|||||r|||| 00| 0
007 ta
008 220923b |||||||| |||| 00| 0 tel d
024 _a335674
037 _cTextual
040 _aARTS
_cARTS
_btel
041 _2tel
_atel
082 _aO35,3NCHx, J8
100 _aJayasyamala Turaga
_9223413
245 0 _aKalinga sena
260 _c1958
650 _aTELUGU FICTION
942 _hO35,3NCHx, J8
_cTEXL
_2CC
999 _c465299
_d465299